| 000 | 00388nam a22001457a 4500 | ||
|---|---|---|---|
| 020 | _a978-81-226-1331-5 | ||
| 082 |
_a894.812 _bVAS/V |
||
| 100 | _aVASUDEVAN NAIR, M T | ||
| 245 | _aORU VADAKKAN VEERAGADHA | ||
| 246 |
_aORU VADAKKAN VEERAGADHA _bORU VADAKKAN VEERAGADHA |
||
| 260 |
_aTHRISSUR _bCURRENT BOOKS _c2016 |
||
| 300 | _a95 | ||
| 650 |
_aMALAYALAM SCREENPLAY _zKERALA |
||
| 942 | _cBK | ||
| 999 |
_c7115 _d7115 |
||